000
00211nam a2200085Ia 4500
008
180219s9999 xx 000 0 und d
100
_a
Radehsyam
245
0
_a
Bharat Gurav Swami Vivekanand
260
_a
"Mathura
260
_c
Pragati Prakasion"
999
_c
42710
_d
42710